1602-万葉線の駅 - Statistics

General Stats
  • This quiz has been taken 54 times
  • The average score is 12 of 26
Answer Stats
本線 % Correct
高岡駅
95%
越ノ潟
73%
海王丸
65%
中新湊
63%
東新湊
60%
末広町
48%
六渡寺
45%
吉久
45%
六渡寺
45%
新能町
43%
能町口
43%
中伏木
43%
第一イン新湊 クロスベイ前
40%
新吉久
40%
新町口
38%
庄川口
38%
片原町
38%
急患医療センター前
38%
江尻
35%
荻布
35%
米島口
35%
坂下町
33%
志貴野中学校前
33%
市民病院前
33%
広小路
30%
旭ヶ丘
30%
No matching quizzes found
Score Distribution
Percent of People with Each Score
Percentile by Number Answered
Your Score History
You have not taken this quiz